Lectura, libro y bibliotecas / (Registro nro. 11107)

Detalles MARC
000 -CABECERA
Longitud fija campo de control 01227nam a22002297a 4500
003 - • IDENTIFICADOR DELl NÚMERO DE CONTROL
Identificador del número de control CO-ViMGA
008 - • CÓDIGOS DE INFORMACIÓN DE LONGITUD FIJA
Códigos de información de longitud fija 151217b xxu||||| |||| 00| 0 eng d
020 ## - • NÚMERO INTERNACIONAL NORMALIZADO PARA LIBROS
Número Internacional Normalizado para Libros (ISBN) 9789588827155
040 ## - FUENTE DE LA CATALOGACIÓN
Centro catalogador de origen CO-ViMGA
Lengua de catalogación spa
Centro transcriptor CO-ViMGA
082 ## - • NÚMERO DE LA CLASIFICACIÓN DECIMAL DEWEY
Número de clasificación (R) 027.6
Número del ítem L471le
245 10 - • TITULO PROPIAMENTE DICHO
Título Lectura, libro y bibliotecas /
Mención de responsabilidad, etc. ilustración Daniel Gómez
300 ## - • DESCRIPCIÓN FÍSICA
Extensión 123 p. :
Otras características físicas il.
490 ## - • MENCIÓN DE SERIE
Mención de serie Leer es mi cuento
504 ## - • NOTA DE BIBLIOGRAFÍA, ETC
Nota de bibliografía, etc. Incluye referencias bibliográficas
520 ## - • NOTA DE RESUMEN
Resumen, etc, La presente obra recoge las orientaciones en torno a la relacion de los niños y las niñas con la biblioteca. planteando una serie de reflexiones relacionadas con el sentido de la lectura y la literatura con la cotidianidad del ser, y el rol de los adultos mediadores y cuidadores. De tal forma esta obra busca impulsar las estrategias para que los niños y niñas en la primera infancia y sus familias tengan acceso a los libros y a la lectura, y participen de las experiencias que resultan de las paginas que recrean otros mundos posibles.
650 14 - • PUNTO DE ACCESO ADICIONAL DE MATERIA - TÉRMINO DE MATERIA
Término de materia o nombre geográfico como elemento inicial Bibliotecas públicas
650 14 - • PUNTO DE ACCESO ADICIONAL DE MATERIA - TÉRMINO DE MATERIA
Término de materia o nombre geográfico como elemento inicial Bibliotecas
650 14 - • PUNTO DE ACCESO ADICIONAL DE MATERIA - TÉRMINO DE MATERIA
Término de materia o nombre geográfico como elemento inicial Libros y lectura
650 14 - • PUNTO DE ACCESO ADICIONAL DE MATERIA - TÉRMINO DE MATERIA
Término de materia o nombre geográfico como elemento inicial Promoción de la lectura
942 ## - ENTRADA DE ELEMENTOS AGREGADOS (KOHA)
Fuente de clasificaión o esquema Dewey Decimal Classification
Koha [por defecto] tipo de item LIbro
Existencias
Perdido Fuente de clasificación o esquema Estado Físico No para préstamo Forma de adquisición Localización permanente Localización actual Fecha adquisición Préstamos totales Signatura completa Código de barras Fecha última consulta Número de copia Fecha del precio de reemplazo Tipo de item de Koha Fecha último préstamo Localización en estanterías
  Dewey Decimal Classification     Colección General Biblioteca Pública San Carlos de Guaroa - Eduardo Carranza Biblioteca Pública San Carlos de Guaroa - Eduardo Carranza 07/15/2025   027.6 L471le SG03788 07/15/2025 Ej.1 07/15/2025 LIbro   General
  Dewey Decimal Classification     Sala General Biblioteca Barrio Emporio - Villavicencio Biblioteca Barrio Emporio - Villavicencio 12/17/2015   027.6 L471le 29565 03/18/2019 Ej. 3 12/17/2015 LIbro    
  Dewey Decimal Classification     Sala General Biblioteca Comunitaria - Villavicencio Biblioteca Comunitaria - Villavicencio 12/17/2015   027.6 L471le 29564 12/17/2015 Ej. 2 12/17/2015 LIbro    
  Dewey Decimal Classification     Colección General Biblioteca Pública Acacias - Carlos María Hernández Rojas Biblioteca Pública Acacias - Carlos María Hernández Rojas 10/22/2025   027.6 L21l ACA00004 10/22/2025 Ej.1 10/22/2025 LIbro   General
  Dewey Decimal Classification     Sala General Segundo Piso Biblioteca Pública Germán Arciniegas - Villavicencio Biblioteca Pública Germán Arciniegas - Villavicencio 12/17/2015 1 027.6 L471le 29563 10/06/2016 Ej. 1 12/17/2015 LIbro 10/06/2016  









Instituto Departamental de Cultura del Meta - Red Departamental de Bibliotecas Públicas del Meta.